Análisis y selección de inversiones / (Registro nro. 6505)
[ vista simple ]
| 000 -LEADER | |
|---|---|
| fixed length control field | 01108nam a22002417a 4500 |
| 003 - CONTROL NUMBER IDENTIFIER | |
| control field | OSt |
| 005 - DATE AND TIME OF LATEST TRANSACTION | |
| control field | 20200212150233.0 |
| 008 - FIXED-LENGTH DATA ELEMENTS--GENERAL INFORMATION | |
| fixed length control field | 200212b2012 sp a||||r|||| 001 0 spa d |
| 020 ## - INTERNATIONAL STANDARD BOOK NUMBER | |
| International Standard Book Number | 9788415504733 |
| 040 ## - CATALOGING SOURCE | |
| Original cataloging agency | CO-JMCR |
| Transcribing agency | CO-JMCR |
| 082 04 - DEWEY DECIMAL CLASSIFICATION NUMBER | |
| Classification number | 658.1 / |
| Item number | M337a |
| 100 1# - MAIN ENTRY--PERSONAL NAME | |
| Personal name | Marín, Quico, |
| Relator term | autor |
| 9 (RLIN) | 395 |
| 245 1# - TITLE STATEMENT | |
| Title | Análisis y selección de inversiones / |
| Statement of responsibility, etc. | Quico Marín |
| 260 ## - PUBLICATION, DISTRIBUTION, ETC. | |
| Place of publication, distribution, etc. | [España] : |
| Name of publisher, distributor, etc. | Profit, |
| Date of publication, distribution, etc. | 2013 |
| 300 ## - PHYSICAL DESCRIPTION | |
| Extent | 93 páginas : |
| Other physical details | ilustraciones a blanco y negro ; |
| Dimensions | 21 cm. |
| 490 ## - SERIES STATEMENT | |
| Series statement | Colección: MBA práctico |
| 504 ## - BIBLIOGRAPHY, ETC. NOTE | |
| Bibliography, etc. note | Bibliografía paginas 93. |
| 505 ## - FORMATTED CONTENTS NOTE | |
| Formatted contents note | Planes de inversión -- Planes de financiación -- Análisis de proyectos -- Instalaciones y descripción del programa -- Funcionamiento del manual -- Otras utilidades -- Casos prácticos |
| 520 ## - SUMMARY, ETC. | |
| Summary, etc. | Poner en funcionamiento un nuevo negocio o invertir en in nuevo proyecto supone siempre un riesgo. la valoración de la viabilidad, rentabilidad y el valor de las inversiones resulta esencial en estos casos. |
| 650 14 - SUBJECT ADDED ENTRY--TOPICAL TERM | |
| Topical term or geographic name entry element | Proyectos de inversión |
| 9 (RLIN) | 513 |
| 650 14 - SUBJECT ADDED ENTRY--TOPICAL TERM | |
| Topical term or geographic name entry element | Proyectos |
| General subdivision | Evaluación |
| 9 (RLIN) | 514 |
| 942 ## - ADDED ENTRY ELEMENTS (KOHA) | |
| Source of classification or shelving scheme | Dewey Decimal Classification |
| Koha item type | Books |
| Withdrawn status | Lost status | Source of classification or shelving scheme | Damaged status | Not for loan | Home library | Current library | Shelving location | Date acquired | Source of acquisition | Cost, normal purchase price | Total Checkouts | Full call number | Barcode | Date last seen | Date last checked out | Copy number | Price effective from | Koha item type |
|---|---|---|---|---|---|---|---|---|---|---|---|---|---|---|---|---|---|---|
| Dewey Decimal Classification | Biblioteca Pública José María del Castillo y Rada | Biblioteca Pública José María del Castillo y Rada | Processing Center | 12/19/2019 | Donación | 0.00 | 1 | 658.1 / M337a | 201809639 | 05/16/2024 | 09/29/2023 | Ej.1 | 02/12/2020 | Books |